000 00737nam a22002177a 4500
003 0
005 20250826103448.0
008 250826b xxu||||| |||| 00| 0 eng d
020 _a978-1-032-60759-7
050 _aRC 569.5.I54
_b.K55 2025
100 _aKnibbs, Catherine,
_eauthor.
245 _aManaging your gaming and social media habits :
_bfrom Science to solutions /
_cCatherine Knibbs.
260 _aNew York, NY :
_bRoutledge,
_c2025.
300 _axii, 190 pages ;
_c20 cm.
504 _aIncludes bibliographical references.
650 _aInternet addiction.
650 _aSocial media
_xPsychological aspects.
650 _aVideo games
_xPsychological aspects.
650 _aHabit
_xPsychological aspects.
942 _2lcc
_cBK
999 _c367608
_d367608